000 00630nam a2200229Ia 4500
003 OSt
005 20220926000845.0
006 a|||||r|||| 00| 0
007 ta
008 220923b |||||||| |||| 00| 0 eng d
037 _cGeneral Book
040 _aRTL
_cRTL
_beng
041 _2eng
_aeng
082 _aQ6, L7
100 _aPrice Charles P
_9303100
245 0 _aPrinciples of christian faith
260 _a New Delhi
_bIslam and Modern Age Society India
_c1977
300 _axiii, 305p
_ccm.
650 _aChristianity
_940559
942 _hQ6, L7
_cGB
_2CC
999 _c599906
_d599906